| 000 | 01150nam a2200301 a 4500 | ||
|---|---|---|---|
| 001 | 383 | ||
| 003 | BR-CuiBMT | ||
| 005 | 20231122003809.0 | ||
| 008 | 231103s2018 mgb 000 0 por d | ||
| 020 | _a9788545004837 | ||
| 040 |
_aBR-CuiBMT _cBR-CuiBMT |
||
| 080 |
_22007 _a658.114.8:061.2 |
||
| 090 |
_a658.114.8:061.2 _bP225 _c2. ed. |
||
| 245 | 0 | 0 |
_aParcerias com o terceiro setor : _bas inovações da Lei nº 13.019/14 / _cFabrício Motta, Fernando Borges Mânica, Rafael Arruda Oliveira, coordenadores ; [autores: Bruno Belém ... et al.] ; prefácio Paulo Modesto. |
| 250 | _a2. ed., rev., ampl. e atual. | ||
| 260 |
_aBelo Horizonte : _bFórum, _c2018. |
||
| 300 |
_a460 p. ; _c22 cm |
||
| 500 | _aVários colaboradores. | ||
| 504 | _aInclui bibliografia. | ||
| 650 |
_aAssociações sem fins lucrativos _xLegislação _zBrasil |
||
| 650 |
_aOrganizações não-governamentais _zBrasil |
||
| 650 |
_aTerceiro setor _vLegislação _zBrasil |
||
| 700 | 1 |
_aMotta, Fabrício _4coord. |
|
| 700 | 1 |
_aMânica, Fernando Borges _4coord. |
|
| 700 | 1 |
_aOliveira, Rafael Arruda _4coord. |
|
| 700 | 1 |
_aBelém, Bruno _eet al. _eautores |
|
| 942 |
_2udc _cLV |
||
| 999 |
_c383 _d383 |
||